[Event "Asia Cities-ch 18th"]
[Site "Tagaytay City"]
[Date "2013.10.24"]
[Round "7.2"]
[White "Hassan, Sarhan"]
[Black "Hashem, Khaled"]
[Result "1-0"]
[WhiteElo "2051"]
[BlackElo "1997"]
[PlyCount "98"]
[EventDate "2013.10.20"]
[EventType "team-swiss"]
[EventRounds "9"]
[EventCountry "PHI"]
[SourceTitle "EXT 2014"]
[Source "ChessBase"]
[SourceDate "2013.11.20"]
[SourceVersion "1"]
[SourceVersionDate "2013.11.20"]
[SourceQuality "1"]
[WhiteTeam "Sharjah"]
[BlackTeam "Kuwait"]
[WhiteTeamCountry "UAE"]
[BlackTeamCountry "KUW"]

1. d4 d5 2. Nf3 Nf6 3. c4 c6 4. Nc3 e6 5. Bg5 h6 6. Bh4 dxc4 7. e4 g5 8. Bg3 b5 9. e5 Nh5 10. a4 Bb4 11. Be2 Nxg3 12. fxg3 Bb7 13. 0-0 a6 14. Ne4 Nd7 15. Nfxg5 hxg5 16. Bh5 Rf8 17. Bxf7+ Rxf7 18. Rxf7 Kxf7 19. Qh5+ Kg7 20. Nxg5 Nf8 21. Rf1 Qe8 22. Rf7+ Kg8 23. Rxf8+ Kxf8 24. Qh8+ Ke7 25. Qg7+ Kd8 26. Qxb7 Rc8 27. Nf7+ Qxf7 28. Qxf7 c3 29. bxc3 Bxc3 30. Qxe6 Bxd4+ 31. Kf1 Rc7 32. Qg8+ Ke7 33. Qg7+ Kd8 34. Qh8+ Kd7 35. e6+ Kxe6 36. Qxd4 c5 37. Qe4+ Kd7 38. Qd5+ Ke7 39. axb5 axb5 40. Qe4+ Kd6 41. Qf4+ Kc6 42. Ke2 Rd7 43. g4 Rd4 44. Qf6+ Rd6 45. Qf3+ Kb6 46. g5 b4 47. Qf8 Rd4 48. g6 Kb5 49. g7 b3 1-0